00382nam a2200145Ia 4500003000400000005001700004008004100021040000700062041000800069082001900077100004300096245005900139260003000198365000800228OSt20230627162704.0210423s9999 xx 000 0 und d cAL aeng a370 223bAMBR aAMBANI (Mukesh);BIRLA (Kumarmangalam). aReport on a policy framework for reforms in education. bGovernment Of Indiac2021 cINR